Największe miasta Japonii z mapą - Statystyki

Ogólne statystyki
  • Ten quiz został rozwiązany 2 728 razy
  • Średni wynik to 6 z 14
Odpowiedzi na mapie
Odpowiedzi zakodowano w zielono-czerwonej skali na mapie do tego quizu, zgodnie z poniższymi procentami.
 
Statystyki odpowiedzi
L.p. Miasto Liczba ludności % Poprawnych
1 Tokio 9 375 104
100%
3 Osaka 2 691 185
77%
11 Hiroszima 1 199 391
75%
9 Kioto 1 464 890
65%
5 Sapporo 1 976 257
59%
2 Jokohama 3 732 616
43%
4 Nagoja 2 327 557
39%
8 Kobe 1 524 601
33%
6 Fukuoka 1 588 924
25%
7 Kawasaki 1 531 646
20%
12 Sendai 1 091 407
17%
13 Chiba 979 768
14%
10 Saitama 1 324 854
14%
14 Kitakiusiu 940 978
7%
Nie znaleziono quizów pasujących do podanych kryteriów
Rozkład punktacji
Procent ludzi z każdym wynikiem
Percentyl według liczby udzielonych odpowiedzi
Twoja historia wyników
Nie rozwiązałeś tego quizu